01038nam a2200229 u 450000100100000000500170001000800410002702000150006804000250008308200180010810000270012624501840015326000410033730000210037850400730039965000360047265000550050865000620056365100530062570000270067871001030070500000303920240430111442.0090706s1996 dr r 000 0 spa d a8489548234 aDO-SdBNPbspacBNPHU a339.46bA367p1 aAlemán, José Luis,10aPolíticas y programas sociales :bmenores en circunstancias especialmente difíciles, generación de empleo y pobreza crítica /cJosé Luis Alemán, Mirian Díaz Santana. aSanto Domingo :bPUCMM/CUEPS,c1996. a228 p. ;c22 cm. aIncluye referencias bibliográficas y notas al pie de las páginas 4aPobrezazRepública Dominicana 4aTrabajo social con niñoszRepública Dominicana 4aOrganizaciones no-gobernamentaleszRepública Dominicana 4aRepública DominicanaxCondiciones Económicas1 aDíaz Santana, Miriam2 a Universidad Católica Madre y Maestra.bCentro Universitario de Estudios Políticos y Sociales